Governors of Maryland - Statistics

General Stats
  • This quiz has been taken 27 times
  • The average score is 24 of 66
Answer Stats
Term Answer % Correct
2015-2023 Larry Hogan
95%
2023- Wes Moore
95%
2007-2015 Martin O'Malley
74%
1967-1969 Spiro Agnew
74%
1995-2003 Parris Glendening
63%
2003-2007 Bob Ehrlich
53%
1876-1880 John Lee Carroll
53%
1777-1779 Thomas Johnson
53%
1830-1831 Thomas King Carroll
53%
1979-1987 Harry Hughes
47%
1969-1979 Marvin Mandel
47%
1987-1995 William Donald Schaefer
47%
1842-1845 Francis Thomas
42%
1892-1896 Frank Brown
42%
1831-1833 George Howard
42%
1833-1836 James Thomas
42%
1788-1791 John Eager Howard
42%
1848-1851 Philip Francis Thomas
42%
1779-1782 Thomas Sim Lee
42%
1792-1794 Thomas Sim Lee
42%
1798-1801 Benjamin Ogle
37%
1888-1892 Elihu Emory Jackson
37%
1900-1904 John Walter Smith
37%
1951-1959 Theodore McKeldin
37%
1920-1935 Albert Ritchie
32%
1862-1866 Augustus Bradford
32%
1908-1912 Austin Lane Crothers
32%
1816-1819 Charles Carnan Ridgely
32%
1829-1830 Daniel Martin
32%
1831 Daniel Martin
32%
1904-1908 Edwin Warfield
32%
1939-1947 Herbert O'Conor
32%
1797-1798 John Henry
32%
1794-1797 John Hoskins Stone
32%
1896-1900 Lloyd Lowndes Jr.
32%
1869-1872 Oden Bowie
32%
1803-1806 Robert Bowie
32%
1811-1812 Robert Bowie
32%
1884-1885 Robert Milligan McLane
32%
1845-1848 Thomas Pratt
32%
1839-1842 William Grason
32%
1782-1785 William Paca
32%
1947-1951 William Preston Lane Jr.
32%
1819 Charles Goldsborough
26%
1809-1811 Edward Lloyd
26%
1916-1920 Emerson Harrington
26%
1851-1854 Enoch Louis Lowe
26%
1935-1939 Harry Nice
26%
1885-1888 Henry Lloyd
26%
1959-1967 J. Millard Tawes
26%
1801-1803 John Francis Mercer
26%
1912-1916 Phillips Lee Goldsborough
26%
1822-1826 Samuel Stevens Jr.
26%
1836-1839 Thomas Veazey
26%
1854-1858 Thomas Watkins Ligon
26%
1872-1874 William Pinkney Whyte
26%
1785-1788 William Smallwood
26%
1880-1884 William Thomas Hamilton
26%
1791-1792 George Plater
21%
1874-1876 James Black Groome
21%
1826-1829 Joseph Kent
21%
1819-1822 Samuel Sprigg
21%
1866-1869 Thomas Swann
21%
1858-1862 Thomas Holliday Hicks
16%
1812-1816 Levin Winder
11%
1806-1809 Robert Wright
11%
No matching quizzes found
Score Distribution
Percent of People with Each Score
Percentile by Number Answered
Your Score History
You have not taken this quiz